|
|
|
|
| LEADER |
01021nam a22002657a 4500 |
| 001 |
36642 |
| 003 |
BD-DhAAL |
| 005 |
20191119140532.0 |
| 008 |
191119t2019 bg a|||| |||| 00| 0 eng d |
| 999 |
|
|
|c 41846
|d 41846
|
| 020 |
|
|
|a 9789849382836
|
| 040 |
|
|
|a BD-DhAAL
|
| 082 |
|
|
|a 330.95492
|2 22
|
| 100 |
|
|
|a Chowdhury, Masih Malik.
|9 37360
|
| 245 |
|
|
|a SoCBs and economy, Bangladesh /
|c Masih Malik Chowdhury.
|
| 246 |
|
|
|a SoCBs and Bangladesh economy
|
| 260 |
|
|
|a Dhaka :
|b Utso Prokashan,
|c 2019
|
| 300 |
|
|
|a 135 pages :
|b illustrations ;
|c 22 cm
|
| 526 |
|
|
|a ESS
|
| 541 |
|
|
|a Complimentary copy from Professor Dr. Nasreen Khundker
|e 36642
|
| 651 |
|
|
|a Bangladesh
|x Economic conditions.
|9 37361
|
| 651 |
|
|
|a Bangladesh
|x Economic policy.
|9 37362
|
| 852 |
|
|
|a Ayesha Abed Library
|c General Stacks
|
| 942 |
|
|
|2 ddc
|c BK
|
| 952 |
|
|
|0 0
|1 0
|2 ddc
|4 0
|6 330_954920000000000_CHO
|7 0
|9 67198
|a BRACUL
|b BRACUL
|c GEN
|d 2019-11-19
|e Complimentary copy from Professor Dr. Nasreen Khundker
|l 0
|o 330.95492 CHO
|p 3010036642
|r 2019-11-19
|t 1
|w 2019-11-19
|y BK
|